Shower Thoughts Quiz Stats

Quiz Updated Sep 16, 2017

Challenge
Share
Tweet
Embed
Score 0/20 Timer 06:00
4 Plays Today
% Correct
But travels exclusively through mapped territories.
92.7%
Are actually victims of Medusa?
92.5%
Nobody is in a high enough position of power to bless him.
92%
I check my keyboard to see if it's a reasonable error or not.
91.6%
Mullet of the millennials.
91.1%
Real life equivalent of having to put numbers after a username.
90%
I am going to hit 'clear' multiple times.
89.9%
They're probably mainly referring to cars but my mind always goes to forklift.
89.8%
So, they are like Human Life Snooze Buttons.
89.3%
'I haven't started yet either'.
88.1%
% Correct
Through memories.
86.6%
'The dog ate my homework'.
86.3%
Are basically real life click bait.
85.8%
Is the exact opposite of the Harlem Shake.
85.7%
Terms and conditions.
84.3%
A subscription to your country that you can't cancel, no matter how bad the service gets.
84%
Tells me Superman knows exactly what he's doing.
81.4%
Would probably be a really unsettling thing to read in braille.
81%
More than a leaf blower does.
80.4%
Would probably be a lot like the film 'Predator'.
79.5%

You're not logged in!

Compare scores with friends on all Sporcle quizzes.
Sign Up with Email
OR
Log In

You Might Also Like...

Show Comments

Extras

Top Quizzes Today


Score Distribution

Your Account Isn't Verified!

In order to create a playlist on Sporcle, you need to verify the email address you used during registration. Go to your Sporcle Settings to finish the process.